000 00616nam a2200229Ia 4500
001 18428
003 GE_BSU
008 181216s||||||||xx |||||||||||||| ||und||
020 _a978-0415446280
040 _cGE_BSU
080 _a658.3
100 _aDickmann ,Michael, and Yehuda Baruch.
245 _aGlobal Careers
260 _aLondon And New York
260 _bRoutledge
260 _c2011
300 _a352 pages,
653 _aGlobal Careers
653 _aდასაქმება
653 _aწარმოების ორგანიზაცია და მართვა.
942 _cBK
999 _c51442
_d51442